Argentina indígena, vísperas de la conquista /

Guardado en:
Autor Principal: Rex González, A.
Otros Autores: Pérez, J. A., Halperin Dongui, Tulio, dir.
Formato: Libro
Publicado: Buenos Aires : Paidós, 1972
Series:Colección Historia Argentina; volumen 1 / dirigida por Tulio Halperin Dongui
Materias:
Etiquetas: Agregar Etiqueta
Sin Etiquetas, Sea el primero en etiquetar este registro!
LEADER 01398nam a22003135a 4500
001 CEM.cems003145
005 20100531121030.0
008 130507s1972##################000#0#####d
003 CEMS
020 |a 9501277011 
082 0 4 |a 982 
100 1 |a Rex González, A. 
245 1 0 |a Argentina indígena, vísperas de la conquista /  |c A. Rex González y J. A. Pérez 
260 |a Buenos Aires :  |b Paidós,  |c 1972 
300 |a 171 p. 
490 0 |a Colección Historia Argentina; volumen 1 / dirigida por Tulio Halperin Dongui 
505 0 |a Antiguedad del hombre en la Argentina -- Areas culturales -- El noroeste -- Sierras centrales -- El Chaco -- El Litoral y la Mesopotamia -- Patagonia y La Pampa 
653 |a Historia 
653 |a Historia argentina 
653 |a Indígenas argentinos 
700 1 |a Pérez, J. A. 
700 1 |a Halperin Dongui, Tulio, dir. 
859 |a CEMS  |b BIB. CEMS - 11 de abril  |h 982  |i H164  |p 11729.83  |t Ej.1  |v 1  |3 1 
859 |a CEMS  |b BIB. CEMS - 11 de abril  |h 982  |i H164  |p 11730.83  |t Ej.2  |v 1  |3 1 
859 |a CEMS  |b BIB. CEMS - 11 de abril  |h 982  |i H164  |p 13455.85  |t Ej.3  |v 1  |3 1 
859 |a CEMS  |b BIB. CEMS - 11 de abril  |h 982  |i H164  |p 13456.85  |t Ej.4  |v 1  |3 1 
859 |a CEMS  |b BIB. CEMS - 11 de abril  |h 982  |i H164  |p 13457.85  |t Ej.5  |v 1  |3 1 
859 |a CEMS  |b BIB. CEMS - 11 de abril  |h 982  |i H164  |p 16235.91  |t Ej.6  |v 1  |3 1 
859 |a CEMS  |b BIB. CEMS - 11 de abril  |h 982  |i H164  |p 16236.91  |t Ej.7  |v 1  |3 1